[Event "ARG-ch 96th"]
[Site "Buenos Aires"]
[Date "2022.06.11"]
[Round "10"]
[White "Amadeo, Pablo"]
[Black "Sepliarsky, Mario"]
[Result "0-1"]
[WhiteElo "1798"]
[BlackElo "2068"]
[PlyCount "108"]
[EventDate "2022.06.02"]
[EventType "swiss"]
[EventRounds "11"]
[EventCountry "ARG"]
[SourceTitle "EXT 2023"]
[Source "ChessBase"]
[SourceDate "2022.10.05"]
[SourceVersion "1"]
[SourceVersionDate "2022.10.05"]
[SourceQuality "1"]

1. d4 e6 2. c4 Nf6 3. Nc3 Bb4 4. f3 c5 5. d5 d6 6. a3 Bxc3+ 7. bxc3 Qa5 8. Bd2 0-0 9. e4 Re8 10. Bd3 Nbd7 11. Ne2 Ne5 12. Bf4 Nxd3+ 13. Qxd3 e5 14. Bg5 Nd7 15. 0-0 f6 16. Bh4 Qa4 17. Ng3 Nb6 18. Nh5 Qxc4 19. Qe3 Nxd5 20. Qd2 Be6 21. Rad1 Bf7 22. Nxg7 Kxg7 23. Bxf6+ Nxf6 24. Qg5+ Bg6 25. Rxd6 Re6 26. Rfd1 Rxd6 27. Rxd6 Rf8 28. Qxe5 Qf7 29. h4 h5 30. Qxc5 Kg8 31. Qg5 Kh7 32. e5 Ne8 33. e6 Qf6 34. Rd7+ Kg8 35. Qd5 Qxc3 36. Qxb7 Qe1+ 37. Kh2 Qxh4+ 38. Kg1 Qe1+ 39. Kh2 Qxe6 40. Qxa7 Rf7 41. Rxf7 Bxf7 42. Qd4 Nd6 43. a4 Nf5 44. Qd8+ Kh7 45. Qc7 h4 46. Qf4 Kg6 47. a5 Qe1 48. Qg4+ Kf6 49. Qa4 Qg3+ 50. Kh1 h3 51. Qc6+ Be6 52. gxh3 Qe1+ 53. Kg2 Ne3+ 54. Kh2 Qf2+ 0-1

[Event "ARG-ch 96th"]
[Site "Buenos Aires"]
[Date "2022.06.02"]
[Round "1"]
[White "Amadeo, Pablo"]
[Black "Schnaider, Ilan"]
[Result "0-1"]
[WhiteElo "1798"]
[BlackElo "2213"]
[PlyCount "60"]
[EventDate "2022.06.02"]
[EventType "swiss"]
[EventRounds "11"]
[EventCountry "ARG"]
[SourceTitle "CBM 208 Extra"]
[Source "ChessBase"]
[SourceDate "2022.07.31"]
[SourceVersion "1"]
[SourceVersionDate "2022.07.31"]
[SourceQuality "1"]

1. d4 Nf6 2. Bg5 d5 3. Nf3 Bf5 4. Nbd2 Ne4 5. Bf4 e6 6. e3 Bd6 7. Bb5+ c6 8. Bd3 Bxf4 9. exf4 Qd6 10. g3 Nd7 11. Qe2 Nxd2 12. Nxd2 Bxd3 13. Qxd3 c5 14. 0-0 cxd4 15. Qxd4 0-0 16. Rad1 Nf6 17. Nc4 Qc7 18. Ne3 Rfd8 19. h4 h6 20. Kg2 b5 21. Rh1 Rac8 22. Rd3 Qe7 23. Re1 Qb7 24. Ra3 a6 25. Rd1 Rd7 26. Kg1 Ne4 27. f5 Re7 28. fxe6 fxe6 29. Ng4 Rf7 30. Qe5 Qb6 0-1

[Event "Buenos Aires Philidor CC op"]
[Site "Buenos Aires"]
[Date "2019.09.27"]
[Round "2.3"]
[White "Ducros, Marcelo Raul"]
[Black "Amadeo, Pablo"]
[Result "1-0"]
[WhiteElo "2063"]
[BlackElo "1921"]
[PlyCount "79"]
[EventDate "2019.09.27"]
[EventType "tourn (rapid)"]
[EventRounds "6"]
[EventCountry "ARG"]
[SourceTitle "EXT 2024"]
[Source "ChessBase"]
[SourceDate "2023.10.10"]
[SourceVersion "1"]
[SourceVersionDate "2023.10.10"]
[SourceQuality "1"]

1. c4 e6 2. g3 b6 3. Bg2 Nc6 4. Nf3 Bb7 5. 0-0 f5 6. d4 Nf6 7. Nc3 Bb4 8. d5 Na5 9. dxe6 Bxc3 10. exd7+ Qxd7 11. Qxd7+ Nxd7 12. bxc3 c5 13. Rd1 Nxc4 14. Ng5 Bxg2 15. Kxg2 Ke7 16. h4 h6 17. Nh3 Nf6 18. Nf4 Rhd8 19. Rd3 Ne5 20. Re3 Kd6 21. f3 g5 22. hxg5 hxg5 23. Nh3 Nd5 24. Rxe5 Kxe5 25. Nxg5 Kf6 26. c4 Nb4 27. f4 Kg6 28. e4 Rd1 29. g4 fxg4 30. f5+ Kh5 31. Ne6 Nd3 32. Ng7+ Kh4 33. Bg5+ Kxg5 34. Rxd1 Ne5 35. Ne6+ Kf6 36. Nc7 Rh8 37. Rd6+ Kf7 38. Nd5 Nxc4 39. Rd7+ Kg8 40. Ne7+ 1-0

[Event "Moron Amateur-ch"]
[Site "Moron"]
[Date "2018.07.17"]
[Round "1"]
[White "Amadeo, Pablo"]
[Black "Contessotto, Enrique"]
[Result "0-1"]
[WhiteElo "1755"]
[BlackElo "2089"]
[PlyCount "54"]
[EventDate "2018.07.17"]
[EventType "swiss"]
[EventRounds "7"]
[EventCountry "ARG"]
[SourceTitle "EXT 2019"]
[Source "ChessBase"]
[SourceDate "2018.10.10"]
[SourceVersion "1"]
[SourceVersionDate "2018.10.10"]
[SourceQuality "1"]

1. d4 f5 2. c4 Nf6 3. g3 g6 4. Bg2 Bg7 5. Nh3 d6 6. d5 0-0 7. Nf4 e5 8. dxe6 c6 9. Nc3 Qe7 10. h4 Bxe6 11. Nxe6 Qxe6 12. 0-0 Na6 13. Rb1 Nc5 14. b3 Nfe4 15. Nxe4 Nxe4 16. Bb2 Nc3 17. Bxc3 Bxc3 18. Qc2 Bg7 19. e3 h6 20. b4 g5 21. b5 f4 22. exf4 gxf4 23. bxc6 f3 24. Bh1 bxc6 25. Rb3 Qg4 26. Re1 Bd4 27. Qe4 Qxg3+ 0-1

[Event "Moron Faogba op"]
[Site "Moron"]
[Date "2018.03.03"]
[Round "1"]
[White "Amadeo, Pablo"]
[Black "Santaolalla, Daniel"]
[Result "0-1"]
[WhiteElo "1663"]
[BlackElo "2012"]
[PlyCount "66"]
[EventDate "2018.03.03"]
[EventType "swiss"]
[EventRounds "7"]
[EventCountry "ARG"]
[SourceTitle "CBM 183 Extra"]
[Source "ChessBase"]
[SourceDate "2018.04.19"]
[SourceVersion "1"]
[SourceVersionDate "2018.04.19"]
[SourceQuality "1"]

1. d4 Nf6 2. Bg5 d5 3. Nf3 e6 4. e3 Be7 5. Nbd2 Nbd7 6. Be2 0-0 7. 0-0 b6 8. Ne5 Nxe5 9. dxe5 Nd7 10. Bxe7 Qxe7 11. f4 Bb7 12. Bd3 Nc5 13. Rf3 Nxd3 14. cxd3 d4 15. e4 f5 16. exf6 gxf6 17. f5 e5 18. Rh3 c5 19. Qh5 Rf7 20. Rf1 Rg7 21. Rff3 Qf7 22. Qh6 Kh8 23. Rfg3 Rag8 24. Nf3 c4 25. Nh4 Rxg3 26. hxg3 Rg7 27. Qd2 cxd3 28. Qxd3 Rg4 29. Qd1 Rxe4 30. Ng6+ Kg8 31. Qh5 d3 32. g4 Re1+ 33. Kh2 d2 0-1

[Event "Buenos Aires Philidor CC Kasparov 1st"]
[Site "Buenos Aires"]
[Date "2018.??.??"]
[Round "2.1"]
[White "Romanelli, Gabriel Adrian"]
[Black "Amadeo, Pablo"]
[Result "1-0"]
[WhiteElo "2163"]
[BlackElo "1921"]
[PlyCount "37"]
[EventDate "2018.04.30"]
[EventType "tourn"]
[EventRounds "5"]
[EventCountry "ARG"]
[SourceTitle "EXT 2024"]
[Source "ChessBase"]
[SourceDate "2023.10.10"]
[SourceVersion "1"]
[SourceVersionDate "2023.10.10"]
[SourceQuality "1"]

1. e4 e5 2. f4 exf4 3. Bc4 Qh4+ 4. Kf1 d6 5. Nf3 Qh6 6. Nc3 Ne7 7. d4 Bg4 8. Qd3 g5 9. h4 Bxf3 10. Qxf3 Bg7 11. Ne2 Nbc6 12. c3 Na5 13. Bd3 f6 14. g3 0-0-0 15. hxg5 Qxg5 16. gxf4 Qg6 17. Rg1 Qf7 18. Qg4+ Kb8 19. Qxg7 1-0